| 000 | 00400nam a22001697a 4500 | ||
|---|---|---|---|
| 003 | CEME | ||
| 005 | 20210628205035.0 | ||
| 008 | 210106b xxu||||| |||| 00| 0 eng d | ||
| 020 | _a1-56091-734-2 | ||
| 040 | _cceme | ||
| 082 | _a629.25 HEI'A | ||
| 100 |
_aHeisler, Heinz _968840 |
||
| 245 | _aAdvanced engine technology | ||
| 260 |
_aWARRENDALE _bSAE _c1995 |
||
| 300 | _a794P | ||
| 942 |
_cBK _2ddc |
||
| 999 |
_c579263 _d579263 |
||